LEADER 01643cam0 22002771 450 001 SOBE00059877 005 20181002101048.0 100 $a20180706d1743 |||||ita|0103 ba 101 $aita 102 $aIT 200 1 $aDetaglio della peste di Marsiglia, pubblicato dai medici che hanno operato in essa. Con alcune osservazioni di Ludovico Antonio Muratori, ed altre giunte da unirsi al trattato Del governo della peste 210 $aIn Milano$d1721. E di nuovo in Napoli nella stamperia di Felice-Carlo Mosca, 1743 215 $a43, [3] p.$d16° 423 1$1001SOBE00059875$12001 $aDel governo della peste, e delle maniere di guardarsene, trattato di Lodovico Antonio Muratori bibliotecario del sereniss. duca di Modena, diviso in politico, medico, et ecclesiastico ... Coll'Aggiunta in questa nuova edizione di un Dettaglio della peste di Marsiglia, colle note dell'istesso autore, e di alcune ricette del famoso Vallisneri 620 $dNapoli$9SOBA00012539 700 1$aMuratori$b, Lodovico Antonio$3A600200047880$4070$0152475 712 02$a*Mosca, *Felice *Carlo$3SOBA00017160$4650 801 0$aIT$bBEM$c20181002$gRICA 850 $aBEM 852 $aBEM$jVII.B$m00208 912 $aSOBE00059877 940 $aM 103 Monografia antica SBN 941 $aM 957 $xPagliara|R$aVII.B$b00015b$gNO$cPR$d00208$hPagliaraR$rDono$1tcalvano$2BEM$3BEM$420180706110202.0$520180706110359.0$6tcalvano 996 $aDetaglio della peste di Marsiglia, pubblicato dai medici che hanno operato in essa. Con alcune osservazioni di Ludovico Antonio Muratori, ed altre giunte da unirsi al trattato Del governo della peste$91727738 997 $aUNISOB